Symposium/ (Record no. 214569)

MARC details
000 -LEADER
fixed length control field 00662nam a22002057a 4500
005 - DATE AND TIME OF LATEST TRANSACTION
control field 20260128123328.0
010 ## - LCCN (DPL NO)
LC control number ENG-147708
020 ## - INTERNATIONAL STANDARD BOOK NUMBER
International Standard Book Number 9789358044270
Terms of availability 110.00
035 ## - SYSTEM CONTROL NUMBER
System control number EN-131240
037 ## - SOURCE OF ACQUISITION
Source of stock number/acquisition DBAD
082 ## - DEWEY DECIMAL CLASSIFICATION NUMBER
Edition number 1
Classification number 320.1
100 ## - MAIN ENTRY--PERSONAL NAME
Personal name Plato
245 ## - TITLE STATEMENT
Title Symposium/
Statement of responsibility, etc Plato [and] Translated By Benjamin Jowett
250 ## - EDITION STATEMENT
Edition statement 1
260 ## - PUBLICATION, DISTRIBUTION, ETC. (IMPRINT)
Place of publication, distribution, etc East Delhi
Name of publisher, distributor, etc Pharos Books
Date of publication, distribution, etc 2025
270 ## - ADDRESS
Address Plot No. -63 Main Mother Dairy Road Pandav Nagar, East Delhi
City East Delhi
Postal code 110092
Telephone number 011-403958555
Electronic mail address sales@pharosbooks.in
300 ## - PHYSICAL DESCRIPTION
Extent 83p.
Dimensions 21cm(pb)
700 ## - ADDED ENTRY--PERSONAL NAME
Personal name Jowett, Benjamin
Relator term Translator
9 (RLIN) 86950
942 ## - ADDED ENTRY ELEMENTS (KOHA)
Source of classification or shelving scheme Dewey Decimal Classification
Item type English Books
Call number suffix PLA
Classification part 320.1
Holdings
Withdrawn status Lost status Not for loan Collection code Home library Current library Date acquired Source of acquisition Cost, normal purchase price Full call number Barcode Copy number Cost, replacement price Koha item type
      Non-fiction Ashok Vihar Ashok Vihar 28/01/2026 Delivery of Books Act Division 110.00 PLA 320.1 EN-131240 1 110.00 English Books

© Delhi Public Library
Hit Counter
free hit counter